000 00491nam a2200169Ia 4500
005 20250424120325.0
008 250424s9999 xx 000 0 und d
022 _a15589080
050 _aHD 28 .A23/
245 4 _aThe academy of management perspectives
260 _aNew York
260 _bAcademy of Management
260 _c2011
300 _a84 p. : ill. ; 28 cm.
650 _aManagement--Periodicals. Organizational change--Periodicals. Perspectives--Periodicals.
942 _cSR
999 _c38663
_d38663